003090000a220008500045001000029000002450108000290410013001370440013001507730060001631 aBotero Trujillo, Ricardo10aRedescription of Tityus (Tityus) gaffini Lourenco, 2000 (Scorpiones: Buthidae) and new locality records0 aInglés aEspaña1 tRevista Ibérica de Aracnologíah30q29-34d2007g16